[Event "306th YMCA Autumn A"]
[Site "Warsaw"]
[Date "2025.09.30"]
[Round "1"]
[White "Chrzaszcz, Malvina"]
[Black "Podgorski, Maciej"]
[Result "1-0"]
[WhiteElo "1955"]
[BlackElo "2012"]
[PlyCount "119"]
[EventDate "2025.09.26"]
[EventType "tourn"]
[EventRounds "1"]
[EventCountry "POL"]
[SourceDate "2025.10.01"]

1. e4 e5 2. Nf3 Nc6 3. Bb5 a6 4. Ba4 d6 5. c3 Bd7 6. O-O Nf6 7. Re1 g6 8. h3
Bg7 9. d4 O-O 10. Nbd2 exd4 11. cxd4 Nb4 12. e5 dxe5 13. dxe5 Nfd5 14. Ne4 Bxa4
15. Qxa4 Nd3 16. Rd1 Nxc1 17. Raxc1 c6 18. Nc3 Nxc3 19. Rxc3 Qe7 20. Rcd3 Rad8
21. Qa5 Rxd3 22. Rxd3 Re8 23. Qd2 Bxe5 24. Rd7 Qf6 25. Nxe5 Rxe5 26. Rxb7 Rd5
27. Qe2 Kg7 28. g3 Qd6 29. Qf3 Qe6 30. Qc3+ Kh6 31. Qc1+ g5 32. Rb6 Rd6 33. h4
f6 34. Rxa6 Qe2 35. hxg5+ Kg6 36. Qf4 Qd1+ 37. Kh2 f5 38. Ra5 Rd5 39. Ra6 Rc5
40. Qh4 h5 41. Qa4 Qd5 42. Qf4 Rc4 43. Qe3 Re4 44. Qc3 Re6 45. Ra8 h4 46. Rg8+
Kh5 47. Qh8+ Kg4 48. Qxh4+ Kf3 49. Qf4+ Ke2 50. Rf8 Kf1 51. f3 Re5 52. g6 Qb5
53. g7 Qxb2+ 54. Kh3 Re6 55. g8=Q Qg2+ 56. Kh4 Qh2+ 57. Kg5 Re2 58. Qgc4 Qh7
59. Qfc1+ Kf2 60. Qd4+ 1-0

[Event "306th YMCA Autumn A"]
[Site "Warsaw"]
[Date "2025.10.01"]
[Round "1"]
[White "Nowak, Lukasz"]
[Black "Flis, Piotr"]
[Result "1-0"]
[WhiteElo "2221"]
[BlackElo "2062"]
[PlyCount "31"]
[EventDate "2025.09.26"]
[EventType "tourn"]
[EventRounds "1"]
[EventCountry "POL"]
[SourceDate "2025.10.01"]

1. c4 c6 2. d4 d5 3. cxd5 cxd5 4. Bf4 Nc6 5. e3 Nf6 6. Nc3 a6 7. Be2 Bf5 8. Nf3
e6 9. Qb3 Nh5 10. Bg5 Qc7 11. Ne5 Nxe5 12. dxe5 h6 13. Qa4+ Qc6 14. Bb5 axb5
15. Qxa8+ Kd7 16. Qd8# 1-0

[Event "306th YMCA Autumn A"]
[Site "Warsaw"]
[Date "2025.09.26"]
[Round "1"]
[White "Warszawski, Bartosz"]
[Black "Choroszej, Aleksander"]
[Result "1-0"]
[WhiteElo "2118"]
[BlackElo "2078"]
[PlyCount "53"]
[EventDate "2025.09.26"]
[EventType "tourn"]
[EventRounds "1"]
[EventCountry "POL"]
[SourceDate "2025.10.01"]

1. e4 g6 2. d4 Bg7 3. Nc3 d6 4. f4 Nf6 5. Nf3 O-O 6. e5 Nfd7 7. Bc4 Nb6 8. Bb3
Nc6 9. O-O Bg4 10. Be3 Na5 11. Qe2 c6 12. h3 Bxf3 13. Rxf3 Nxb3 14. axb3 Nd5
15. Nxd5 cxd5 16. Bf2 e6 17. c3 a6 18. g4 Qd7 19. Bg3 dxe5 20. fxe5 f6 21. exf6
Rxf6 22. Re3 Re8 23. Re1 g5 24. Kg2 Qc6 25. Qd2 h6 26. Qc2 Qd7 27. Be5 1-0

[Event "306th YMCA Autumn A"]
[Site "Warsaw"]
[Date "2025.09.26"]
[Round "1"]
[White "Korsun, Wadym"]
[Black "Rozycki, Bartlomiej"]
[Result "1-0"]
[WhiteElo "1994"]
[BlackElo "2125"]
[PlyCount "87"]
[EventDate "2025.09.26"]
[EventType "tourn"]
[EventRounds "1"]
[EventCountry "POL"]
[SourceDate "2025.10.01"]

1. e4 e5 2. Nf3 Nc6 3. Bb5 a6 4. Ba4 Nf6 5. d3 b5 6. Bb3 Bc5 7. O-O O-O 8. c3
d6 9. Re1 Rb8 10. Nbd2 Ng4 11. Re2 Kh8 12. h3 Nh6 13. Nf1 f5 14. Bg5 Qe8 15. d4
fxe4 16. Rxe4 Qg6 17. Bd5 Bxh3 18. gxh3 Ne7 19. dxc5 Nxd5 20. Qxd5 Rxf3 21. h4
Rbf8 22. Ng3 Nf5 23. Rg4 Rxf2 24. Kxf2 Ne7+ 25. Qf3 Rxf3+ 26. Kxf3 Qd3+ 27. Kg2
h5 28. Nxh5 Nf5 29. Ng3 Nxg3 30. Rxg3 Qe2+ 31. Kh3 Qxb2 32. Rag1 Qxa2 33. h5
Qe2 34. Bh4 Qxh5 35. Rxg7 Qf3+ 36. R7g3 Qf5+ 37. Kh2 Qf4 $11 38. Bf6+ Kh7 39.
Kg2 Qd2+ 40. Kh3 Qh6+ 41. Bh4 Qe6+ 42. Kh2 e4 43. Rh3 e3 44. Bd8+ 1-0

[Event "306th YMCA Autumn A"]
[Site "Warsaw"]
[Date "2025.09.26"]
[Round "1"]
[White "Laffonta, Matthias"]
[Black "Majek, Kacper"]
[Result "1/2-1/2"]
[WhiteElo "2113"]
[BlackElo "2125"]
[PlyCount "73"]
[EventDate "2025.09.26"]
[EventType "tourn"]
[EventRounds "1"]
[EventCountry "POL"]
[SourceDate "2025.10.01"]

1. e4 e5 2. Nf3 Nc6 3. Nc3 Nf6 4. a3 Bc5 5. Nxe5 Nxe5 6. d4 Bd6 7. f4 Nc6 8. e5
O-O 9. exd6 cxd6 10. d5 Re8+ 11. Be2 Ne7 12. Be3 Nexd5 13. Nxd5 Qa5+ 14. Nc3
Rxe3 15. Qd4 Re4 16. Qd2 Re6 17. O-O-O Rb8 18. Bc4 d5 19. Nxd5 Qxd2+ 20. Rxd2
Nxd5 21. Bxd5 Re7 22. Bb3 b6 23. Rhd1 Rb7 24. g4 Kf8 25. Rd3 Rc7 $11 26. g5 Ba6
27. Rd6 Bc4 28. Bxc4 Rxc4 29. f5 Re2 30. c3 Rf4 31. Rxd7 Rxf5 32. h4 g6 33.
R1d2 Re7 34. R7d4 f6 35. gxf6 Rxf6 36. c4 Rc7 37. b3 $11 1/2-1/2

[Event "306th YMCA Autumn A"]
[Site "Warsaw"]
[Date "2025.09.26"]
[Round "1"]
[White "Kasperkiewicz, Pawel"]
[Black "Serafin, Franciszek"]
[Result "1/2-1/2"]
[WhiteElo "1928"]
[BlackElo "1958"]
[PlyCount "90"]
[EventDate "2025.09.26"]
[EventType "tourn"]
[EventRounds "1"]
[EventCountry "POL"]
[SourceDate "2025.10.01"]

1. e4 c5 2. Nf3 d6 3. Bb5+ Nd7 4. O-O Ngf6 5. Re1 a6 6. Bf1 g6 7. c3 Bg7 8. d4
cxd4 9. cxd4 d5 10. e5 Ne4 11. Nbd2 Nxd2 12. Bxd2 O-O 13. Qb3 Nb8 14. h3 Nc6
15. Rac1 Ra7 16. Rc5 Be6 17. Rec1 Qd7 18. Qb6 Rc8 19. Ng5 Raa8 20. Nxe6 fxe6
21. Be3 Qc7 22. Qxc7 Rxc7 23. b4 Rd7 24. a3 Kf7 25. Be2 Rdd8 26. Kf1 h5 27. Ke1
Rh8 28. Bd1 Bh6 29. f4 h4 30. Ba4 Rhb8 31. Kf2 Na7 32. Kf3 Nb5 33. Bxb5 axb5
34. R1c3 b6 35. Rxb5 Ke8 36. Rc6 Rxa3 37. Rcxb6 Rxb6 38. Rxb6 Kf7 39. Rb8 g5
40. Ke2 gxf4 41. Bf2 f3+ 42. gxf3 Ra2+ 43. Kf1 Ra1+ 44. Kg2 Ra2 45. Kf1 Ra1+
1/2-1/2

[Event "306th YMCA Autumn A"]
[Site "Warsaw"]
[Date "2025.10.03"]
[Round "2"]
[White "Majek, Kacper"]
[Black "Kasperkiewicz, Pawel"]
[Result "1/2-1/2"]
[WhiteElo "2125"]
[BlackElo "1928"]
[PlyCount "81"]
[EventDate "2025.09.26"]
[EventType "tourn"]
[EventRounds "1"]
[EventCountry "POL"]
[SourceDate "2025.10.01"]

1. e4 e6 2. d4 d5 3. Nc3 Nf6 4. e5 Nfd7 5. f4 c5 6. Nf3 Nc6 7. Be3 cxd4 8. Nxd4
Bc5 9. Qd2 Nxd4 10. Bxd4 Bxd4 11. Qxd4 Qb6 12. Qd2 O-O 13. O-O-O Nc5 14. Qd4
Bd7 15. h4 Bc6 16. Rh3 Nd7 17. Qd2 Nc5 18. Qd4 Nd7 19. Qxb6 Nxb6 20. Re3 a6 21.
g3 Rad8 22. b3 Nc8 23. Ne2 Bb5 24. Rc3 Rd7 25. a4 Bxe2 26. Bxe2 Ne7 27. a5 Rfd8
28. Rc5 Nf5 29. Rd3 Kf8 30. Bg4 g6 31. b4 h5 32. Bh3 Ke7 33. Kb2 Rb8 34. c3 Kd8
35. Kc2 Rc8 36. Rxc8+ Kxc8 37. Bg2 Rc7 38. Bh3 Rc4 39. Bxf5 gxf5 40. Kd2 Re4
41. Rd4 $11 1/2-1/2

[Event "306th YMCA Autumn A"]
[Site "Warsaw"]
[Date "2025.10.03"]
[Round "2"]
[White "Rozycki, Bartlomiej"]
[Black "Laffonta, Matthias"]
[Result "0-1"]
[WhiteElo "2125"]
[BlackElo "2113"]
[PlyCount "50"]
[EventDate "2025.09.26"]
[EventType "tourn"]
[EventRounds "1"]
[EventCountry "POL"]
[SourceDate "2025.10.01"]

1. e4 c6 2. d4 d5 3. exd5 cxd5 4. Bd3 Nc6 5. c3 g6 6. Bf4 Bh6 7. Ne2 Bxf4 8.
Nxf4 Qd6 9. Qf3 Nf6 10. O-O O-O 11. Nd2 e5 12. dxe5 Nxe5 13. Qg3 d4 14. Ne4
Nxe4 15. Bxe4 dxc3 16. Rad1 Qb8 17. Nd5 Be6 18. Ne7+ Kg7 19. Qxc3 Re8 20. Nd5
Rc8 21. Qd4 Rc4 22. Qd2 Rxe4 23. f4 Qd6 24. Nc3 Qb6+ 25. Qf2 Rxf4 0-1

[Event "306th YMCA Autumn A"]
[Site "Warsaw"]
[Date "2025.10.03"]
[Round "2"]
[White "Choroszej, Aleksander"]
[Black "Korsun, Wadym"]
[Result "1/2-1/2"]
[WhiteElo "2078"]
[BlackElo "1994"]
[PlyCount "62"]
[EventDate "2025.09.26"]
[EventType "tourn"]
[EventRounds "1"]
[EventCountry "POL"]
[SourceDate "2025.10.01"]

1. d4 Nf6 2. c4 e6 3. Nc3 d5 4. Nf3 Be7 5. Bf4 O-O 6. e3 c6 7. c5 b6 8. b4 a5
9. a3 Nh5 10. Bd3 Nxf4 11. exf4 Ba6 12. O-O Qc7 13. g3 Nd7 14. Re1 Rfe8 15. h4
Ra7 16. f5 Bxd3 17. Qxd3 Nf8 18. Na4 b5 19. Nb6 a4 20. fxe6 Nxe6 21. Ne5 Rb7
22. f4 Bf6 23. Ng4 Rbb8 24. Nxf6+ gxf6 25. Rad1 Nf8 26. Qf5 Kg7 27. Kf2 Rbd8
28. h5 h6 29. Qg4+ Kh8 30. Qf5 Kg7 31. Qg4+ Kh8 1/2-1/2

[Event "306th YMCA Autumn A"]
[Site "Warsaw"]
[Date "2025.10.02"]
[Round "2"]
[White "Flis, Piotr"]
[Black "Warszawski, Bartosz"]
[Result "0-1"]
[WhiteElo "2062"]
[BlackElo "2118"]
[PlyCount "48"]
[EventDate "2025.09.26"]
[EventType "tourn"]
[EventRounds "1"]
[EventCountry "POL"]
[SourceDate "2025.10.01"]

1. e4 c5 2. Nf3 e6 3. d4 cxd4 4. Nxd4 Nc6 5. Nc3 Qc7 6. Be3 a6 7. Qf3 b5 8.
O-O-O Bb7 9. g4 Bb4 10. Bxb5 axb5 11. Ndxb5 Qa5 12. a3 Ne5 13. Qe2 Bxc3 14.
Nd6+ Kf8 15. Nxb7 Bxb2+ 16. Kb1 Qc7 17. Bc5+ Ne7 18. Kxb2 Qxb7+ 19. Ka2 Qc7 20.
Bd6 Qc4+ 21. Qxc4 Nxc4 22. Bb4 Ke8 23. Rd4 Ne5 24. Bd6 N7c6 0-1

[Event "306th YMCA Autumn A"]
[Site "Warsaw"]
[Date "2025.10.03"]
[Round "2"]
[White "Podgorski, Maciej"]
[Black "Nowak, Lukasz"]
[Result "1-0"]
[WhiteElo "2012"]
[BlackElo "2221"]
[PlyCount "67"]
[EventDate "2025.09.26"]
[EventType "tourn"]
[EventRounds "1"]
[EventCountry "POL"]
[SourceDate "2025.10.01"]

1. e4 e5 2. Nf3 Nc6 3. Bc4 Nf6 4. d3 Be7 5. Bb3 O-O 6. Nbd2 d6 7. c3 Na5 8. Bc2
c5 9. O-O Nc6 10. Re1 h6 11. d4 cxd4 12. cxd4 exd4 13. Nb3 Bg4 14. Nbxd4 Nxd4
15. Qxd4 Bxf3 16. gxf3 Nh5 17. e5 dxe5 18. Qxe5 Bg5 19. f4 Nf6 20. fxg5 Re8 21.
Qc3 Rc8 22. Rxe8+ Qxe8 23. Qe3 Rxc2 24. gxf6 Qd7 25. h3 g5 26. b3 Qd1+ 27. Kg2
Re2 28. Ba3 Qxa1 29. Qxe2 Qxf6 30. Bb2 Qc6+ 31. Qf3 Qc2 32. Qf6 Qe4+ 33. Kg1
Qe1+ 34. Kh2 1-0

[Event "306th YMCA Autumn A"]
[Site "Warsaw"]
[Date "2025.10.03"]
[Round "2"]
[White "Kowalski, Witold"]
[Black "Chrzaszcz, Malvina"]
[Result "1-0"]
[WhiteElo "2077"]
[BlackElo "1955"]
[PlyCount "55"]
[EventDate "2025.09.26"]
[EventType "tourn"]
[EventRounds "1"]
[EventCountry "POL"]
[SourceDate "2025.10.01"]

1. e4 e5 2. Nf3 Nc6 3. Bc4 Nf6 4. d3 Bc5 5. a4 O-O 6. O-O d6 7. a5 a6 8. c3 h6
9. Re1 Be6 10. Nbd2 Qd7 11. b4 Ba7 12. Qb3 Nh5 13. Nf1 Bg4 14. Qd1 Nf4 15. Ne3
Bh5 16. Ra2 Kh8 17. Kh1 Rae8 18. Rg1 Ne7 19. g4 d5 20. Bb3 dxe4 21. Nxe5 Qb5
22. d4 Rd8 23. gxh5 Qe8 24. Qg4 g5 25. Nf5 Ned5 26. Nxh6 f6 27. Bxf4 fxe5 28.
Qxg5 1-0

[Event "306th YMCA Autumn A"]
[Site "Warsaw"]
[Date "2025.10.07"]
[Round "3"]
[White "Nowak, Lukasz"]
[Black "Kowalski, Witold"]
[Result "0-1"]
[WhiteElo "2221"]
[BlackElo "2077"]
[PlyCount "124"]
[EventDate "2025.09.26"]
[EventType "tourn"]
[EventRounds "1"]
[EventCountry "POL"]
[SourceDate "2025.10.01"]

1. c4 e6 2. g3 d5 3. Bg2 Nf6 4. Nf3 d4 5. O-O c5 6. d3 Nc6 7. e3 Bd6 8. exd4
cxd4 9. Na3 O-O 10. Nc2 Bc5 11. Re1 Re8 12. Ne5 Nxe5 13. Rxe5 Qc7 14. Re1 a5
15. b3 h6 16. Qf3 e5 17. h3 Ra6 18. Ba3 Rb6 19. Bxc5 Qxc5 20. g4 Bd7 21. Qg3 g5
22. Re2 Bc6 23. Rae1 Nd7 24. Bxc6 Rxc6 25. a3 Rce6 26. b4 axb4 27. axb4 Qb6 28.
Qg2 Nf8 29. Re4 Ng6 30. Ra1 Kg7 31. Ra5 Nh4 32. Qg3 Qd6 33. Rd5 Qb8 34. Ne1 Ng6
35. Ng2 Qa7 36. b5 R8e7 37. Kh2 Qa2 38. Kg1 Qb1+ 39. Re1 Qc2 40. Qf3 Rf6 41.
Qg3 Nf4 42. Rdxe5 Rxe5 43. Rxe5 Ne2+ 44. Rxe2 Qxe2 45. f4 Re6 46. f5 Re5 47.
Kh2 Re8 48. Kg1 Qd1+ 49. Kh2 Qd2 50. Kg1 Re2 51. Qf3 Qd1+ 52. Kh2 b6 53. f6+
Kf8 54. Qa8+ Re8 55. Qb7 Qxd3 56. Qxb6 Qxc4 57. Qd6+ Kg8 58. b6 Qe6 59. Qxd4
Qe5+ 60. Qxe5 Rxe5 61. b7 Rb5 62. Ne3 Rxb7 0-1

[Event "306th YMCA Autumn A"]
[Site "Warsaw"]
[Date "2025.10.07"]
[Round "3"]
[White "Warszawski, Bartosz"]
[Black "Podgorski, Maciej"]
[Result "0-1"]
[WhiteElo "2118"]
[BlackElo "2012"]
[PlyCount "74"]
[EventDate "2025.09.26"]
[EventType "tourn"]
[EventRounds "1"]
[EventCountry "POL"]
[SourceDate "2025.10.01"]

1. e4 e5 2. Nf3 Nc6 3. Bb5 a6 4. Ba4 d6 5. O-O Nf6 6. d4 b5 7. dxe5 bxa4 8.
exf6 Qxf6 9. Nc3 Ne5 10. Nd4 Bd7 11. f4 Nc4 12. Nd5 Qd8 13. b3 Nb6 14. Ne3 Be7
15. Bb2 O-O 16. Ndf5 Bf6 17. Bxf6 Qxf6 18. Ng4 Qc3 19. Kh1 Bxf5 20. exf5 f6 21.
Rf3 Qb2 22. a3 Rae8 23. bxa4 Re2 24. a5 Nc4 25. Rf1 Rd2 26. Qf3 Qd4 27. Rae1
Qd5 28. Qg3 Kh8 29. h3 Qxf5 30. Re7 Rg8 31. Rfe1 Qg6 32. f5 Qg5 33. Qc3 Ne5 34.
Kg1 h5 35. Re3 Rd1+ 36. Kh2 hxg4 37. Rg3 Qc1 0-1

[Event "306th YMCA Autumn A"]
[Site "Warsaw"]
[Date "2025.10.10"]
[Round "3"]
[White "Korsun, Wadym"]
[Black "Flis, Piotr"]
[Result "1-0"]
[WhiteElo "1994"]
[BlackElo "2062"]
[PlyCount "191"]
[EventDate "2025.09.26"]
[EventType "tourn"]
[EventRounds "1"]
[EventCountry "POL"]
[SourceDate "2025.10.01"]

1. e4 d6 2. d4 Nf6 3. Nc3 e5 4. Nf3 exd4 5. Nxd4 Be7 6. Bd3 O-O 7. O-O c5 8.
Nde2 Nc6 9. Nf4 a6 10. a4 Nb4 11. Bc4 Bd7 12. Re1 Re8 13. Nfd5 Nbxd5 14. Nxd5
Bc6 15. Bf4 b5 16. axb5 Nxd5 17. Bxd5 Bxd5 18. Qxd5 axb5 19. Red1 Bf8 20. c3
Rxa1 21. Rxa1 Qb6 22. Ra8 Rxa8 23. Qxa8 Qc7 24. h4 Qd7 25. Qd5 h6 26. Bg3 Qg4
27. Bxd6 Bxd6 28. Qxd6 Qxe4 29. Qb8+ Kh7 30. Qxb5 c4 31. g3 Qe1+ 32. Kg2 Qe4+
33. Kh2 Qe2 34. Qf5+ Kg8 35. Kg2 g6 36. Qf4 h5 37. b3 cxb3 38. Qb8+ Kg7 39.
Qxb3 Qe4+ 40. Kh2 Qf3 41. Qc2 g5 42. hxg5 h4 43. gxh4 Qg4 44. Qd2 Qxh4+ 45. Kg2
Qg4+ 46. Kf1 Qh3+ 47. Ke1 Qh1+ 48. Ke2 Qh5+ 49. f3 Qh2+ 50. Kd3 Qd6+ 51. Kc2
Qg6+ 52. Kc1 Qa6 53. Qd4+ Kg8 54. Qd8+ Kh7 55. Kd2 Qa2+ 56. Ke3 Qe6+ 57. Kf2
Qh3 58. Qd4 Qh2+ 59. Ke3 Qg1+ 60. Kf4 Qh2+ 61. Kf5 Qc2+ 62. Ke5 Kg8 63. c4 Qe2+
64. Qe4 Qb2+ 65. Kd6 Qb8+ 66. Kd7 Qa7+ 67. Kc8 Qa6+ 68. Kc7 Qa7+ 69. Qb7 Qc5+
70. Qc6 Qa7+ 71. Kd8 Qa5+ 72. Kc8 Qf5+ 73. Kb8 Qe5+ 74. Qc7 Qb2+ 75. Kc8 Qc3
76. c5 Qxf3 77. c6 Qa3 78. Kb8 Qb2+ 79. Qb7 Qe5+ 80. c7 Kg7 81. Qb6 Kg8 82. Ka8
Qd5+ 83. Ka7 Qa2+ 84. Qa6 Qf2+ 85. Ka8 Qf3+ 86. Kb8 Qb3+ 87. Kc8 Qd5 88. Qf6
Kh7 89. Qh6+ Kg8 90. Qf6 Kh7 91. Qd8 Qa8+ 92. Kd7 Qd5+ 93. Ke8 Qc6+ 94. Qd7
Qe4+ 95. Kd8 Kh8 96. Qe8+ 1-0

[Event "306th YMCA Autumn A"]
[Site "Warsaw"]
[Date "2025.10.07"]
[Round "3"]
[White "Laffonta, Matthias"]
[Black "Choroszej, Aleksander"]
[Result "1-0"]
[WhiteElo "2113"]
[BlackElo "2078"]
[PlyCount "49"]
[EventDate "2025.09.26"]
[EventType "tourn"]
[EventRounds "1"]
[EventCountry "POL"]
[SourceDate "2025.10.01"]

1. e4 g6 2. d4 Bg7 3. Nf3 d6 4. Be2 Nf6 5. Nc3 O-O 6. O-O c6 7. a4 a5 8. h3 Qc7
9. Be3 Nbd7 10. Qd2 e5 11. dxe5 dxe5 12. Bc4 Nh5 13. Rad1 Nf4 14. Bb3 h6 15. g3
Nxh3+ 16. Kg2 g5 17. Kxh3 g4+ 18. Kg2 gxf3+ 19. Kxf3 Nf6 20. Kg2 Ng4 21. Bc5
Re8 22. f3 Nf6 23. Be3 Kh7 24. Rh1 Ng8 25. Bxh6 1-0

[Event "306th YMCA Autumn A"]
[Site "Warsaw"]
[Date "2025.10.16"]
[Round "3"]
[White "Kasperkiewicz, Pawel"]
[Black "Rozycki, Bartlomiej"]
[Result "0-1"]
[WhiteElo "1928"]
[BlackElo "2125"]
[PlyCount "58"]
[EventDate "2025.09.26"]
[EventType "tourn"]
[EventRounds "1"]
[EventCountry "POL"]
[SourceDate "2025.10.01"]

1. e4 c5 2. Nf3 e6 3. d4 cxd4 4. Nxd4 Nc6 5. Nc3 Qb6 6. Nb3 a6 7. g3 Nf6 8. Bg2
Be7 9. O-O O-O 10. a4 Qc7 11. a5 b5 12. f4 d6 13. Be3 Bb7 14. Bb6 Qc8 15. Kh1
Nd7 16. Bg1 Qc7 17. Qh5 Nc5 18. Nd2 Nxa5 19. b4 Nd7 20. Rf3 Nf6 21. Qh3 Nc4 22.
Nxc4 Qxc4 23. Re3 Rac8 24. g4 d5 25. e5 Nd7 26. Ne2 Qxc2 27. Nd4 Qb2 28. Rd1
Qxb4 29. Qh5 Rc3 0-1

[Event "306th YMCA Autumn A"]
[Site "Warsaw"]
[Date "2025.10.10"]
[Round "3"]
[White "Serafin, Franciszek"]
[Black "Majek, Kacper"]
[Result "1-0"]
[WhiteElo "1958"]
[BlackElo "2125"]
[PlyCount "93"]
[EventDate "2025.09.26"]
[EventType "tourn"]
[EventRounds "1"]
[EventCountry "POL"]
[SourceDate "2025.10.01"]

1. e4 e5 2. Nf3 Nc6 3. Bc4 Bc5 4. Nc3 Nf6 5. d3 h6 6. O-O O-O 7. h3 Re8 8. a3
d6 9. Be3 Bxe3 10. fxe3 Be6 11. Bxe6 Rxe6 12. Nd5 Ne7 13. Nxf6+ Rxf6 14. Nd2
Rxf1+ 15. Qxf1 Qd7 16. Qf2 Rf8 17. Rf1 Qe6 18. b3 c6 19. Nf3 a5 20. Qd2 Ra8 21.
Nh4 a4 22. Qb4 axb3 23. cxb3 c5 24. Qxb7 Rxa3 25. Nf5 Nxf5 26. exf5 Qf6 27. Qd5
Kh7 28. Kh2 Ra6 29. Kg1 Kg8 30. Kh2 Rb6 31. Qa8+ Kh7 32. Qd5 Qe7 33. f6 Qb7 34.
Qc4 Rb4 35. Qc2 g6 36. Rb1 Qd5 37. Qa2 Qe6 38. Rf1 Qxb3 39. Qa6 Qe6 40. Qa8 g5
41. Qf8 Kg6 42. Qg7+ Kh5 43. e4 Rb2 44. Rf5 Rxg2+ 45. Kxg2 Qa2+ 46. Kg3 Qd2 47.
Qxf7# 1-0

[Event "306th YMCA Autumn A"]
[Site "Warsaw"]
[Date "2025.10.23"]
[Round "4"]
[White "Rozycki, Bartlomiej"]
[Black "Serafin, Franciszek"]
[Result "1-0"]
[WhiteElo "2125"]
[BlackElo "1958"]
[PlyCount "85"]
[EventDate "2025.09.26"]
[EventType "tourn"]
[EventRounds "1"]
[EventCountry "POL"]
[SourceDate "2025.10.01"]

1. d4 Nf6 2. c4 e6 3. Nc3 d5 4. Bg5 dxc4 5. e3 Be7 6. Bxc4 O-O 7. Nf3 b6 8. O-O
Bb7 9. Qc2 c5 10. Rfd1 cxd4 11. Nxd4 Qc8 12. Bd3 h6 13. Bf4 Nc6 14. Ncb5 Nxd4
15. Nxd4 Qxc2 16. Bxc2 Rac8 17. Rac1 Rfd8 18. Bb3 Nd5 19. Be5 Bf6 20. Rxc8 Rxc8
21. Bxf6 Nxf6 22. Nxe6 fxe6 23. Bxe6+ Kh7 24. Bf5+ g6 25. Bxc8 Bxc8 26. Rd8 Bb7
27. f3 Bd5 28. b3 Kg7 29. e4 Be6 30. Kf2 g5 31. Ke3 Kf7 32. Kd4 Ke7 33. Ra8 a5
34. Rb8 Nd7 35. Rh8 Kd6 36. Rxh6 Ne5 37. h4 Nf7 38. hxg5 Nxh6 39. gxh6 Bg8 40.
g4 Ke6 41. f4 Bh7 42. g5 Bg8 43. g6 1-0

[Event "306th YMCA Autumn A"]
[Site "Warsaw"]
[Date "2025.10.17"]
[Round "4"]
[White "Choroszej, Aleksander"]
[Black "Kasperkiewicz, Pawel"]
[Result "1-0"]
[WhiteElo "2078"]
[BlackElo "1928"]
[PlyCount "91"]
[EventDate "2025.09.26"]
[EventType "tourn"]
[EventRounds "1"]
[EventCountry "POL"]
[SourceDate "2025.10.01"]

1. d4 Nf6 2. c4 e6 3. Nc3 d5 4. Nf3 Be7 5. Bf4 O-O 6. e3 c6 7. c5 b6 8. b4 a5
9. a3 Ba6 10. Bxa6 Rxa6 11. O-O b5 12. h3 a4 13. Qd3 Nbd7 14. Rac1 Qa8 15. Rfe1
Qb7 16. g4 Raa8 17. Kh1 Bd8 18. Bd6 Re8 19. g5 Nh5 20. e4 Bc7 21. Nxb5 dxe4 22.
Rxe4 Bb8 23. Bxb8 Qxb8 24. Nd6 Re7 25. Rh4 g6 26. Qe4 Qc7 27. b5 Rd8 28. Qxc6
Qxc6 29. bxc6 Nb8 30. Ne5 Rc7 31. Nb5 Rxc6 32. Nxc6 Nxc6 33. Nd6 Ne7 34. Rc4
Ng7 35. Rxa4 Ngf5 36. Nxf5 gxf5 37. Rf4 Nd5 38. Rf3 Rb8 39. Rc4 Kf8 40. a4 Ke7
41. Ra3 Rb2 42. Kg1 f6 43. gxf6+ Nxf6 44. a5 Ne4 45. a6 Nd2 46. Rc1 1-0

[Event "306th YMCA Autumn A"]
[Site "Warsaw"]
[Date "2025.10.17"]
[Round "4"]
[White "Flis, Piotr"]
[Black "Laffonta, Matthias"]
[Result "1/2-1/2"]
[WhiteElo "2062"]
[BlackElo "2113"]
[PlyCount "43"]
[EventDate "2025.09.26"]
[EventType "tourn"]
[EventRounds "1"]
[EventCountry "POL"]
[SourceDate "2025.10.01"]

1. Nf3 Nf6 2. c4 e6 3. Nc3 d5 4. e3 Be7 5. b3 c5 6. cxd5 exd5 7. d4 O-O 8. Bb2
Nc6 9. Be2 Bg4 10. dxc5 Bxc5 11. O-O Re8 12. Rc1 Bb6 13. h3 Bf5 14. Nb5 Ne4 15.
Nbd4 Bd7 16. Nxc6 Bxc6 17. Nd4 Qg5 18. Bf3 Bd7 19. Bg4 Bxd4 20. Bxd4 f5 21. f4
Qd8 22. Bf3 $11 1/2-1/2

[Event "306th YMCA Autumn A"]
[Site "Warsaw"]
[Date "2025.10.17"]
[Round "4"]
[White "Podgorski, Maciej"]
[Black "Korsun, Wadym"]
[Result "0-1"]
[WhiteElo "2012"]
[BlackElo "1994"]
[PlyCount "120"]
[EventDate "2025.09.26"]
[EventType "tourn"]
[EventRounds "1"]
[EventCountry "POL"]
[SourceDate "2025.10.01"]

1. e4 e5 2. Nf3 Nc6 3. Bc4 Bc5 4. d3 Nf6 5. Bg5 d6 6. c3 Bb6 7. a4 a5 8. Nbd2
O-O 9. O-O h6 10. Bh4 g5 11. Bg3 Kg7 12. d4 exd4 13. cxd4 Nxd4 14. Nxd4 Bxd4
15. Nf3 Bc5 16. Qc2 Bg4 17. e5 Nh5 18. Qe4 Nxg3 19. hxg3 Bh5 20. Qxb7 Bxf3 21.
Qxf3 dxe5 22. Bd3 Bd4 23. Qf5 Rh8 24. Rac1 c5 25. b3 Qf6 26. Qe4 Rab8 27. Bc4
h5 28. Rcd1 Qg6 29. Qe1 g4 30. Qxa5 h4 31. Rxd4 exd4 32. Qxc5 Rbd8 33. Qe5+ Qf6
34. Qe2 Qg5 35. f4 Qh5 36. Qe5+ Qxe5 37. fxe5 Rd7 38. gxh4 Rxh4 39. Rd1 g3 40.
Rd3 Rg4 41. a5 Re7 42. e6 fxe6 43. a6 Kf6 44. Kf1 Ke5 45. Rd2 Re4 46. Re2 Rf7+
47. Ke1 Rxe2+ 48. Bxe2 Kd5 49. b4 e5 50. Bh5 Re7 51. b5 Kc5 52. Bg4 Kxb5 53.
Bc8 e4 54. Ke2 Kb6 55. Kd2 Rf7 56. Ke1 Rf2 57. Bb7 d3 58. Bd5 Kxa6 59. Kd1 Re2
60. Bc6 Ka5 0-1

[Event "306th YMCA Autumn A"]
[Site "Warsaw"]
[Date "2025.10.14"]
[Round "4"]
[White "Kowalski, Witold"]
[Black "Warszawski, Bartosz"]
[Result "0-1"]
[WhiteElo "2077"]
[BlackElo "2118"]
[PlyCount "54"]
[EventDate "2025.09.26"]
[EventType "tourn"]
[EventRounds "1"]
[EventCountry "POL"]
[SourceDate "2025.10.01"]

1. e4 c5 2. Nf3 d6 3. d4 cxd4 4. Nxd4 Nf6 5. Nc3 a6 6. h3 e6 7. g4 d5 8. exd5
Nxd5 9. Nde2 h5 10. Nxd5 exd5 11. gxh5 Rxh5 12. Be3 Nc6 13. Bg2 Be6 14. Nd4 Qh4
15. Nxc6 bxc6 16. Qd2 Bb4 17. c3 Bd6 18. O-O-O Qa4 19. b3 Rb8 20. Rde1 Rxb3 21.
Bc5 Bf4 22. Be3 Bxe3 23. Qxe3 Qa3+ 24. Kc2 Qb2+ 25. Kd1 Qxa2 26. Qd2 Rb1+ 27.
Ke2 Re5+ 0-1

[Event "306th YMCA Autumn A"]
[Site "Warsaw"]
[Date "2025.10.25"]
[Round "4"]
[White "Chrzaszcz, Malvina"]
[Black "Nowak, Lukasz"]
[Result "1-0"]
[WhiteElo "1955"]
[BlackElo "2221"]
[PlyCount "119"]
[EventDate "2025.09.26"]
[EventType "tourn"]
[EventRounds "1"]
[EventCountry "POL"]
[SourceDate "2025.10.01"]

1. e4 c5 2. Nf3 d6 3. d4 cxd4 4. Nxd4 Nf6 5. Nc3 a6 6. Be2 e5 7. Nb3 Be7 8. O-O
Be6 9. f4 O-O 10. f5 Bd7 11. Bf3 Bc6 12. a4 b5 13. axb5 axb5 14. Rxa8 Bxa8 15.
Qd3 b4 16. Nd5 Bxd5 17. exd5 Nbd7 18. Be3 Qc7 19. c4 bxc3 20. bxc3 Rb8 21. Nd2
Bd8 22. Ra1 Nc5 23. Qc4 e4 24. Be2 Nfd7 25. Bd4 Nb6 26. Qa2 Ra8 27. Qb1 Rxa1
28. Qxa1 Nxd5 29. Qa8 Nb6 30. Qa2 h6 31. Qa5 Nbd7 32. Qa8 Nb6 33. Qa5 Nbd7 34.
Qa8 Kh7 35. Bh5 Nb6 36. Qa3 Qd7 37. Bxc5 dxc5 38. Nxe4 Qxf5 39. Bf3 Nd7 40. Qa8
Bg5 41. Nxg5+ Qxg5 42. Qe4+ g6 43. c4 Ne5 44. Be2 Qc1+ 45. Kf2 Qc3 46. Qd5 Qd4+
47. Qxd4 cxd4 48. c5 Kg7 49. Bb5 Ng4+ 50. Ke2 Nf6 51. Kd3 Kf8 52. Kxd4 Ke7 53.
h3 Nh5 54. Ke5 f6+ 55. Kd5 Nf4+ 56. Kc6 Nxg2 57. Kb7 Nf4 58. Bc4 Nxh3 59. c6
Ng5 60. Bd5 1-0